00582nam a22001097a 4500041000800000082001300008100001900021245004200040260005900082300005500141520027600196 aENG a297bRAA aRaana Bokhari, aAn Illustrated Guide to Islamic Faith aLeicestershire [England], bSouthwater, Wigston,c2011 a160 pages : illustrations (chiefly color) ;b30 cm aIslam is one of the world's younger faiths, yet in its 1400-year history its impact has been astonishing and immense. The purpose of this book is to provide a refreshing and detailed guide to and insight into the beliefs and religious practices of the Islamic faith Print